| 000 | 00919nas a2200277 4500 | ||
|---|---|---|---|
| 001 | BR0900722 | ||
| 003 | BR-BrBNA | ||
| 005 | 20231205113103.0 | ||
| 007 | ta | ||
| 008 | 230509b bl.|||p| |||| 00| 00por d | ||
| 040 |
_aBR-BrBNA _bpor _cBiblioteca Nacional de Agricultura |
||
| 041 | _a(Pt) | ||
| 072 | _aF70 | ||
| 100 | 1 | _aSpielmann, A.A. | |
| 100 | 1 | _aMarcelli, M.P. | |
| 245 | 1 | _aParmeliaceae (Ascamycota liquenizados)nos barrancos e peraus da encosta da Serra Geral, Vale do Rio Pardo, Rio Grande do Sul, Brasil. 1- Introdução e chave para os gêneros. | |
| 650 | _aPLANTA | ||
| 650 | _aBARRANCO | ||
| 650 | _aENCOSTA | ||
| 650 | _aSERRA GERAL | ||
| 650 | _aVALE DO RIO PARDO | ||
| 650 | _aRIO GRANDE DO SUL | ||
| 773 | 0 |
_tIIheringia. Série Botânica (Brazil) _xISSN 0073-4705 _g(Jan-Jun 2008), v. 63(1) p. 159-169 _wBR0900722 |
|
| 909 |
_a202311 _bLúcia _c55 _dLúcia Elande |
||
| 942 |
_2AGRIS _n0 _cANA |
||
| 999 |
_c201757 _d201757 |
||